[Event "4th It"]
[Site "Montreal CAN"]
[Date "2003.07.28"]
[Round "6"]
[White "Rozentalis,E"]
[Black "Legky,N"]
[Result "1/2-1/2"]
[WhiteElo "2586"]
[BlackElo "2482"]

1.e4 e6 2.d4 d5 3.Nd2 a6 4.Ngf3 c5 5.g3 cxd4 6.exd5 Qxd5 7.Bg2 Nf6 8.O-O Nc6
9.Nb3 d3 10.cxd3 Qd8 11.d4 Be7 12.Ne5 Nb4 13.Nc5 Nbd5 14.Qb3 b6 15.Ncd3 O-O
16.Bg5 Bb7 17.Rfd1 Rb8 18.Rac1 Qd6 19.Nc4 Qd8 20.Nde5 b5 21.Nd2 Rc8 22.Bxf6 Bxf6
23.Ne4 Rxc1 24.Rxc1 Be7 25.Nc5 Qc7 26.Ned3 Bxc5 27.dxc5 Bc6 28.Qd1 Rd8 29.Qe2 Ne7
30.Bxc6 Nxc6 31.Qe3 b4 32.a3 bxa3 33.bxa3 a5 34.Rb1 g6 35.h4 h5 36.Rb6 Nd4
37.Kg2 Rd5 38.Qe4 Nc6 39.Qa4 Rxc5 40.Rb3 Rc2 41.Qe4 Qd6 42.Ne5 Qd2 43.Rf3 Nxe5
44.Qxe5 Qd5 45.Qxd5 exd5 46.Rb3 Rc5 47.a4 Kf8 48.Rb7 Rc4 49.Rb5 Rxa4 50.Rxd5 Ra2
51.Rd7 Rc2 52.Ra7 Rc5 53.Kf3 Ke8 54.Ke4 Rf5 55.f3 Kf8 56.g4 Rb5 57.Kf4 Rb4+
58.Kg3 hxg4 59.fxg4 a4 60.g5 Rb3+ 61.Kf4 a3 62.Kg4 Ke8 63.h5 Rb4+ 64.Kh3 gxh5
65.Rxa3 Kf8 66.Rf3 Kg7 67.Rf6 Rg4 68.Rf5 Re4 69.Kg3 Re6 70.Kh4 Kg6 71.Rf4 Rd6
72.Rc4  1/2-1/2

[Event "1st Masters"]
[Site "Malmo SWE"]
[Date "2003.07.29"]
[Round "2"]
[White "Tairi,F"]
[Black "Johannessen,LE"]
[Result "0-1"]
[WhiteElo "2245"]
[BlackElo "2525"]

1.e4 e6 2.d4 d5 3.Nd2 Be7 4.Ngf3 Nf6 5.e5 Nfd7 6.Bd3 c5 7.c3 Nc6 8.O-O g5
9.b4 cxb4 10.cxb4 Nxb4 11.Be2 a5 12.Nb1 Nb6 13.Nc3 Nc4 14.h3 b6 15.a3 Nc6
16.Bxc4 dxc4 17.Qa4 Qd7 18.Rd1 Nd8 19.Qxc4 Bb7 20.Qb3 a4 21.Qxb6 Rc8 22.Qb2 Rg8
23.Be3 h5 24.Rac1 g4 25.hxg4 hxg4 26.Nd2 Rxc3 27.Qxc3 Qd5 28.Kf1 Qxg2+ 29.Ke1 g3
30.Qc4 Bh4 31.Qf1 Qh2 32.Ke2 gxf2 33.Kd3 Rg3 34.Qe2 Bg5 35.Nf1 Ba6+ 36.Rc4 Rxe3+
37.Nxe3 Qg3 38.Rf1 Bxe3 39.Kc2 Qf4 40.Qd3 Bxc4 41.Qxc4 Qxd4  0-1

[Event "1st Masters"]
[Site "Malmo SWE"]
[Date "2003.07.30"]
[Round "3"]
[White "Sebag,M"]
[Black "Brynell,S"]
[Result "0-1"]
[WhiteElo "2432"]
[BlackElo "2511"]

1.e4 e6 2.d4 d5 3.Nd2 Nc6 4.Ngf3 Nf6 5.e5 Nd7 6.c3 f6 7.exf6 Qxf6 8.Be2 Bd6
9.Nf1 O-O 10.Ne3 Qg6 11.O-O Nf6 12.c4 b6 13.a3 Bb7 14.b4 dxc4 15.Bxc4 Rae8
16.Bb2 Ng4 17.Bd3 Qh5 18.h3 Nf6 19.Ne5 Ne7 20.Bb5 Rd8 21.Bd7 Bc8 22.Bb5 Bb7
23.Qa4 Nfd5 24.Ba6 Ba8 25.Qc2 Nf4 26.f3 Qg5 27.Kh1 Nh5 28.Rfe1 Bxe5 29.dxe5 Rxf3
30.Qxc7 Rxh3+ 31.Kg1 Rf8 32.Bb7 Bxb7 33.Qxb7 Rxe3 34.Rf1 Nf4 35.Bc1 Ne2+  0-1

[Event "Inline Czechia Cup"]
[Site "Olomouc CZE"]
[Date "2003.07.30"]
[Round "1"]
[White "Blazkova,P"]
[Black "Tibensky,R"]
[Result "0-1"]
[WhiteElo "2222"]
[BlackElo "2401"]

1.e4 e6 2.d4 d5 3.Nd2 a6 4.c3 c5 5.Ngf3 Nc6 6.Bd3 cxd4 7.cxd4 dxe4 8.Nxe4 Bb4+
9.Nc3 Nf6 10.O-O O-O 11.Bc2 Be7 12.a3 b5 13.Qd3 Bb7 14.d5 exd5 15.Bg5 g6
16.Rfe1 Ng4 17.Rxe7 Nxe7 18.Qd4 f6 19.Qxg4 fxg5 20.Qe6+ Kg7 21.Qe5+ Rf6 22.Re1 Nc6
23.Qxd5 h6 24.Qe4 Bc8 25.Rd1 Qe7 26.Qxe7+ Nxe7 27.Ne4 Rc6 28.Nd4 Rb6 29.Bb3 Nf5
30.h3 Nxd4 31.Rxd4 Bf5 32.Nd6 h5 33.g4 hxg4 34.hxg4 Bxg4 35.Nf7 Be6 36.Bxe6 Rxe6
37.Nxg5 Re2 38.b4 Rf8 39.Rd7+ Kg8 40.f3 Rf5 41.Rd8+ Kg7 42.Rd7+ Kh6 43.Nf7+ Kh5
44.Nd6 Rxf3 45.Rh7+ Kg4  0-1

[Event "Inline Czechia Cup"]
[Site "Olomouc CZE"]
[Date "2003.08.01"]
[Round "3"]
[White "Kasparov,S"]
[Black "Tibensky,R"]
[Result "1/2-1/2"]
[WhiteElo "2482"]
[BlackElo "2401"]

1.e4 e6 2.d4 d5 3.Nd2 a6 4.Ngf3 c5 5.exd5 exd5 6.Be2 Nf6 7.O-O Be7 8.dxc5 Bxc5
9.Nb3 Ba7 10.Bg5 O-O 11.c3 Re8 12.Nbd4 h6 13.Be3 Ng4 14.Bf4 Nc6 15.Bg3 Nf6
16.Re1  1/2-1/2

[Event "Inline Czechia Cup"]
[Site "Olomouc CZE"]
[Date "2003.08.06"]
[Round "8"]
[White "Vyskocil,N"]
[Black "Tibensky,R"]
[Result "0-1"]
[WhiteElo "2375"]
[BlackElo "2401"]

1.e4 e6 2.d4 d5 3.Nd2 a6 4.Ngf3 c5 5.dxc5 Bxc5 6.Bd3 Nc6 7.O-O Nge7 8.c3 O-O
9.Qe2 Ng6 10.Nb3 Bd6 11.exd5 exd5 12.h3 Re8 13.Qc2 Bc7 14.Bg5 Qd6 15.Bxg6 hxg6
16.Bh4 Bb6 17.Qd2 Bf5 18.Rad1 Be4 19.Nbd4 f6 20.Bg3 Qd7 21.Rfe1 g5 22.Nh2 Nxd4
23.cxd4 Qb5 24.Re3 Ba5 25.Qe2 Qxe2 26.Rxe2 Bg6 27.Rxe8+ Rxe8 28.Bd6 Re6 29.b4 Bb6
30.Bc5 Bc7 31.Ba7 Re2 32.Nf1 Rxa2 33.Ne3 Bf7 34.g3 Be6 35.Rc1 Bd6 36.Bc5 Bb8
37.Kg2 Kf7 38.Bb6 Rb2 39.Ba5 Bd6 40.Nc2 Bf5 41.Ne3 Be4+ 42.Kg1 Bxb4 43.Rc7+ Kg6  0-1

[Event "ch-AUT"]
[Site "Hartberg AUT"]
[Date "2003.08.07"]
[Round "12"]
[White "Volkmann,F"]
[Black "Neubauer,M"]
[Result "1/2-1/2"]
[WhiteElo "2455"]
[BlackElo "2417"]

1.e4 e6 2.d4 d5 3.Nd2 Be7 4.Bd3 c5 5.dxc5 Nd7 6.exd5 exd5 7.Nb3 Nxc5 8.Nxc5 Bxc5
9.Qe2+ Ne7 10.Be3 Bxe3 11.Qxe3 d4 12.Qf4 Qa5+ 13.Qd2 Qb6 14.O-O-O O-O 15.Nf3 Nc6
16.Kb1 Bg4 17.Qf4 Bxf3 18.Qxf3 Rfe8 19.Rhe1 Qc5 20.Qf5 Qxf5 21.Bxf5 Kf8 22.Kc1 Rxe1
23.Rxe1 g6 24.Be4 f5 25.Bxc6 bxc6 26.Re6 Re8 27.Rxe8+ Kxe8 28.Kd2 Kd7 29.Kd3 c5
30.Kc4 Kc6 31.b4 cxb4 32.Kxb4 Kd5 33.Kb5 g5 34.a4 g4 35.a5 f4 36.f3 g3 37.h4 d3
38.cxd3 Kd4 39.Ka6 Ke3 40.Kxa7 Kf2 41.a6 Kxg2 42.Kb8 Kh3 43.a7 g2 44.a8=Q g1=Q
45.Qe4 Qe3 46.Qxh7 Qxf3 47.h5 Qg3 48.Qf5+ Kg2 49.Qg6 f3+ 50.Qxg3+ Kxg3 51.h6 f2
52.h7  1/2-1/2

[Event "19th Open"]
[Site "Faaker-See AUT"]
[Date "2003.08.10"]
[Round "2"]
[White "Doleschal,J"]
[Black "Praznik,N"]
[Result "0-1"]
[WhiteElo "2059"]
[BlackElo "2277"]

1.e4 e6 2.d4 d5 3.Nd2 Nc6 4.c3 dxe4 5.Nxe4 Qd5 6.Qe2 Bd7 7.f4 O-O-O 8.Nf3 Nf6
9.Neg5 Be8 10.Ne5 Nxe5 11.fxe5 Nd7 12.Qc4 Qxc4 13.Bxc4 Nb6 14.Bb3 h6 15.Nf3 c5
16.Be3 c4 17.Bc2 Nd5 18.Bd2 b5 19.b4 a5 20.a3 Kc7 21.O-O Ra8 22.g3 Be7 23.Be4 Bc6
24.Bxd5 Bxd5 25.Nh4 Rhf8 26.Ng2 Be4 27.Rfe1 Bc6 28.Rec1 Ra6 29.Rf1 Kd7 30.Ne3 Be4
31.Nd1 Bg6 32.Nb2 axb4 33.cxb4 Rc8 34.Bc3 Ke8 35.a4 bxa4 36.Rxa4 Rxa4 37.Nxa4 Ra8
38.Ra1 Bxb4 39.Bxb4 Bc2 40.Kf2 Bxa4 41.Ke3 Kd7 42.Kd2 Kc6 43.Kc3 Kb5 44.Bc5 f5
45.exf6 gxf6 46.Rf1 Bb3 47.Rf2 Ra1 48.Bf8 h5 49.Bh6 Bd1 50.Rf1 Ra3+ 51.Kb2 Rb3+
52.Kc1 Bg4 53.Rxf6 c3 54.Rf8 Kc4 55.Rc8+ Kd3 56.Rc6 Ra3 57.Kb1 Bd1  0-1

[Event "19th Open"]
[Site "Faaker-See AUT"]
[Date "2003.08.11"]
[Round "4"]
[White "Tokmachev,G"]
[Black "Okhotnik,V"]
[Result "0-1"]
[WhiteElo "2229"]
[BlackElo "2446"]

1.e4 e6 2.d4 d5 3.Nd2 Be7 4.Bd3 c5 5.dxc5 Nf6 6.Qe2 O-O 7.Ngf3 Nc6 8.c3 Bxc5
9.O-O a5 10.e5 Nd7 11.Nb3 Be7 12.Re1 a4 13.Nbd4 Nc5 14.Bc2 f5 15.exf6 Bxf6
16.Nxc6 bxc6 17.Be3 Nb7 18.Qd3 g6 19.Bh6 Bg7 20.Bxg7 Kxg7 21.Ne5 Qf6 22.Nxc6 Qxf2+
23.Kh1 Nc5 24.Qd4+ Qxd4 25.cxd4 Rf2 26.Rac1 Ne4 27.Kg1 Rd2 28.Red1 Rxd1+
29.Bxd1 Bd7 30.Ne5 Be8 31.Bg4 Kf6 32.h4 h5 33.Bh3 Rb8 34.b3 axb3 35.axb3 g5
36.hxg5+ Nxg5 37.Rf1+ Ke7 38.Nf3 Nxh3+ 39.gxh3 Rxb3 40.h4 Bg6 41.Ne5 Bf5
42.Rf3 Rb1+ 43.Kf2 Rd1 44.Rg3 Kd6 45.Ke3 Re1+ 46.Kd2 Re4 47.Kc3 Ke7 48.Rg5 Rxh4
49.Rxf5 exf5 50.Ng6+ Kf6 51.Nxh4 Kg5 52.Nf3+ Kf4 53.Nh2 Kg3 54.Nf1+ Kf2  0-1

[Event "19th Open"]
[Site "Faaker-See AUT"]
[Date "2003.08.12"]
[Round "5"]
[White "Androsch,G"]
[Black "Behm,S"]
[Result "1/2-1/2"]
[WhiteElo "2167"]
[BlackElo "2003"]

1.e4 e6 2.d4 d5 3.Nd2 Be7 4.e5 c5 5.c3 Nc6 6.Ndf3 cxd4 7.cxd4 Qb6 8.Bd3 Bd7
9.Ne2 Nb4 10.Bb1 Bb5 11.a3 Qa6 12.Nc3 Nd3+ 13.Bxd3 Bxd3 14.Qa4+ Qxa4 15.Nxa4 Rc8
16.Nc3 h5 17.Be3 Bd8 18.Kd2 Bc4 19.Kc2 Ba5 20.Nd2 Ne7 21.Nxc4 Rxc4 22.Kd3 Nf5
23.Rac1 Ke7 24.Ne2  1/2-1/2

[Event "19th Open"]
[Site "Faaker-See AUT"]
[Date "2003.08.12"]
[Round "5"]
[White "Mencinger,V"]
[Black "Laengl,J"]
[Result "1-0"]
[WhiteElo "2360"]
[BlackElo "2233"]

1.e4 e6 2.d4 d5 3.Nd2 Nc6 4.Ngf3 Nf6 5.e5 Nd7 6.c3 f6 7.Bd3 fxe5 8.Nxe5 Ndxe5
9.dxe5 Nxe5 10.Qh5+ Nf7 11.Bxh7 Bd7 12.Nf3 Qf6 13.h4 O-O-O 14.Bg5 Nxg5 15.hxg5 Qf4
16.Rh4 Qd6 17.O-O-O Qa6 18.Qf7 Be8 19.Qf4 Rxh7 20.Rxh7 Bg6 21.Rh8 Bd6 22.Rxd8+ Kxd8
23.Qd4 Qxa2 24.Kd2 Qxb2+ 25.Ke1 Bf8 26.Kf1 c5 27.Qf4 Qb5+ 28.c4 Bd3+ 29.Rxd3 Qb1+
30.Ne1  1-0

[Event "19th Open"]
[Site "Faaker-See AUT"]
[Date "2003.08.16"]
[Round "9"]
[White "Butunoi,A"]
[Black "Laengl,J"]
[Result "1-0"]
[WhiteElo "2412"]
[BlackElo "2233"]

1.e4 e6 2.d4 d5 3.Nd2 Nc6 4.Ngf3 Nf6 5.e5 Nd7 6.c4 dxc4 7.Nxc4 Bb4+ 8.Bd2 Nb6
9.Nxb6 axb6 10.a3 Bxd2+ 11.Qxd2 Qd5 12.Rc1 O-O 13.Bc4 Qe4+ 14.Qe3 Qxe3+ 15.fxe3 Bd7
16.e4 Rac8 17.O-O Rfe8 18.Rc3 h6 19.Rfc1 Ne7 20.b4 b5 21.Bd3 Bc6 22.Rc5 Red8
23.Kf2 Ra8 24.R1c3 Ra7 25.Bxb5 Bxe4 26.Rxc7 Nd5 27.Rc8 Nxc3 28.Rxd8+ Kh7
29.Be8 Rxa3 30.Bxf7 Bd5 31.h4 Ne4+ 32.Kg1 g5 33.Bh5 Rb3 34.Rd7+ Kh8 35.hxg5 hxg5
36.Rxd5 exd5 37.e6 Rxb4 38.e7 Nf6 39.g4 Rb2 40.Kf1 b5 41.Nxg5 b4 42.Nf7+ Kh7
43.Ne5 Rb1+ 44.Ke2 Rb2+ 45.Kd1 b3 46.g5 Rb1+ 47.Ke2 Rb2+ 48.Ke3 Nxh5 49.e8=Q Ng7
50.g6+ Kh6 51.Qh8+  1-0

[Event "ADCF Masters"]
[Site "Abu Dhabi UAE"]
[Date "2003.08.18"]
[Round "3"]
[White "Chokshi,M"]
[Black "Sale,S"]
[Result "1-0"]
[WhiteElo "2237"]
[BlackElo "2420"]

1.e4 e6 2.d4 d5 3.Nd2 Nc6 4.c3 e5 5.exd5 Qxd5 6.Ngf3 Bg4 7.Bc4 Bxf3 8.Qb3 Qd7
9.Nxf3 Na5 10.Bxf7+ Qxf7 11.Qb5+ c6 12.Qxa5 exd4 13.O-O dxc3 14.Re1+ Be7
15.Qc7 Kf8 16.Qxb7 Re8 17.bxc3 Nf6 18.Ng5 Qd5 19.Ne6+ Kf7 20.Nc7 Qd7 21.Qb3+ Kg6
22.Nxe8 Rxe8 23.Qc2+ Kf7 24.Bg5 h6 25.Rad1 Nd5 26.Bxe7 Rxe7 27.Rxe7+ Qxe7
28.c4 Nf6 29.Qd3 Qb4 30.Rb1 Qe7 31.h3 Qc7 32.a4 a5 33.Rd1 Qb6 34.Qf5 Qb4
35.Qc2 Qc5 36.Rb1 Qe7 37.Qf5 Qc7 38.Re1 Qb6 39.Qe6+ Kg6 40.Re3 Kh7 41.Qf5+ Kh8
42.Re5 Qd4 43.Rxa5 Qxc4 44.Ra8+ Ng8 45.a5 c5 46.a6 Qa2 47.a7 Qa3 48.Rxg8+ Kxg8
49.Qd5+ Kh7 50.Qe4+  1-0

[Event "9th Open"]
[Site "Pilsen-Lobzy CZE"]
[Date "2003.08.18"]
[Round "3"]
[White "Priborsky,I"]
[Black "Trkulja,Z"]
[Result "1/2-1/2"]
[WhiteElo "2100"]
[BlackElo "2220"]

1.e4 e6 2.d4 d5 3.Nd2 Nc6 4.c3 e5 5.exd5 Qxd5 6.Ngf3 exd4 7.Bc4 Qf5 8.O-O Be6
9.Bxe6 fxe6 10.Nb3 e5 11.cxd4 O-O-O 12.Be3 Nf6 13.Rc1 Bd6 14.Rxc6 bxc6 15.dxe5 Bxe5
16.Qe2 Bd6 17.Nbd4 Qd5 18.Rc1 c5 19.Nb5 a6 20.Nxd6+ Rxd6 21.Nd2 Re8 22.Nc4 Rde6
23.h3 Qh5 24.Qd2 Rd8 25.Qc2 Nd5 26.Bxc5 Qg6 27.Qa4 Nf4 28.Nd6+ Rexd6 29.Qxf4 Rd1+
30.Rxd1 Rxd1+ 31.Kh2 Rd8 32.Qf3 Rd3 33.Be3 Qd6+ 34.g3 Rd1 35.Qf5+ Kb7 36.Qf3+ Qd5
37.Qxd5+ Rxd5 38.Kg2 Ra5 39.a3 Kc6 40.Bd4 g6 41.Kf3 Rf5+ 42.Ke4 Kb5 43.f4 Kc4
44.Be5 Rf7 45.g4 a5 46.f5 gxf5+ 47.gxf5 a4 48.f6 Kc5 49.h4 c6 50.Kf5 Kd5
51.h5 c5 52.Bf4 c4 53.Be5 Rb7 54.Bf4 Rf7 55.Be5 Rb7  1/2-1/2

[Event "Open"]
[Site "Vienna AUT"]
[Date "2003.08.18"]
[Round "3"]
[White "Waller,H"]
[Black "Seifert,V"]
[Result "1/2-1/2"]
[WhiteElo "2115"]
[BlackElo "2371"]

1.e4 e6 2.d4 d5 3.Nd2 Be7 4.Bd3 c5 5.c3 Nc6 6.Ne2 cxd4 7.Nxd4 Nf6 8.O-O Nxd4
9.cxd4 dxe4 10.Nxe4 O-O 11.Nxf6+ Bxf6 12.Be3 Bd7 13.Be4 Bc6 14.Bxc6 bxc6
15.Rc1 Qd7 16.Qa4 Rac8 17.Rfd1 Qb7 18.b3 Rfd8 19.h3 Rd5 20.Rc4 Bd8 21.Rdc1 Rb5  1/2-1/2

[Event "ADCF Masters"]
[Site "Abu Dhabi UAE"]
[Date "2003.08.19"]
[Round "4"]
[White "Abdelnabbi,I"]
[Black "Barsov,A"]
[Result "1/2-1/2"]
[WhiteElo "2455"]
[BlackElo "2526"]

1.e4 e6 2.d4 d5 3.Nd2 Be7 4.Ngf3 Nf6 5.Bd3 c5 6.exd5 Qxd5 7.dxc5 Nbd7 8.O-O Nxc5
9.Bc4 Qd6 10.Qe2 O-O 11.Nb3 b6 12.Ne5 Nd5 13.Rd1 Bb7 14.Nxc5 bxc5 15.Bd3 Qc7
16.c4 Nf6 17.Bd2 Bd6 18.Bc3 Rad8 19.Bc2 h6 20.Qe3 Qe7  1/2-1/2

[Event "Open"]
[Site "Vienna AUT"]
[Date "2003.08.19"]
[Round "4"]
[White "Buljubasic,Sab"]
[Black "Neubauer,M"]
[Result "1/2-1/2"]
[WhiteElo "2302"]
[BlackElo "2417"]

1.e4 e6 2.d4 d5 3.Nd2 Be7 4.Bd3 c5 5.dxc5 Nf6 6.Qe2 O-O 7.Ngf3 a5 8.O-O Na6
9.e5 Nd7 10.Nb3 Ndxc5 11.Be3 Nxd3 12.cxd3 Bd7 13.Rfc1 a4 14.Nc5 Bxc5 15.Bxc5 Nxc5
16.Rxc5 a3 17.d4 axb2 18.Qxb2 Bc6 19.a4 Bxa4 20.Qxb7 Bc2 21.Rc1 Be4 22.Qb3 h6
23.h3 Qb8 24.Qc3 Ra4 25.Nd2 Bg6 26.Ra5 Rxa5 27.Qxa5 Qb2 28.Qc3 Rb8 29.f3 Qxc3
30.Rxc3 Rb2 31.Nb3 h5 32.h4 Bf5 33.Kh2 Kh7 34.Kg3 Kh6 35.Nc5 g5 36.hxg5+ Kxg5
37.f4+ Kg6 38.Ra3 Rd2 39.Ra4 h4+ 40.Kf3 Bc2 41.Ra8 Rxd4 42.Rg8+ Kh7 43.Rf8 Kg7
44.Rd8 Bg6 45.Kg4 Bf5+ 46.Kf3 Rc4 47.Nd7 Rc3+ 48.Kf2 Rc2+ 49.Kf3 Rc3+ 50.Kf2 Rc2+
51.Kf3 Be4+ 52.Kg4 Rxg2+ 53.Kh3 Rf2 54.Nf6 Kg6 55.Kg4 Rg2+ 56.Kh3 Rf2 57.Kg4 Bf3+
58.Kxh4 Rg2 59.Rf8 Kf5 60.Rxf7 Kxf4 61.Nxd5+ Kxe5 62.Ne3 Re2 63.Rxf3 Ke4  1/2-1/2

[Event "Open"]
[Site "Vienna AUT"]
[Date "2003.08.21"]
[Round "6"]
[White "Buljubasic,Sab"]
[Black "Riedner,M"]
[Result "1-0"]
[WhiteElo "2302"]
[BlackElo "2169"]

1.e4 e6 2.d4 d5 3.Nd2 a6 4.e5 c5 5.c3 Nc6 6.Ndf3 Bd7 7.Bd3 Qb6 8.Ne2 f6 9.O-O fxe5
10.dxe5 O-O-O 11.Rb1 Nh6 12.Bxh6 gxh6 13.Ng3 Bg7 14.Re1 Qc7 15.Qe2 Be8 16.Rbd1 Bg6
17.Qe3 Qe7 18.Bf1 Rdf8 19.Rc1 h5 20.h4 Rxf3 21.gxf3 Qf8 22.Bh3 Nxe5 23.Bxe6+ Kb8
24.Bxd5 Nd3 25.Qe7 Qxe7 26.Rxe7 Nxc1 27.Rxb7+ Kc8 28.Rxg7 Nd3 29.Bc4 a5 30.Ne4 Ne5
31.Nd6+ Kd8 32.Bd5 Rf8 33.Kg2 Rf6 34.Nb7+ Ke8 35.Nxc5 Rb6 36.f4 Ng4 37.b3 Rd6
38.c4 Nf6 39.Nb7 Rb6 40.Bf3 Bb1 41.c5 Rb4 42.Nd6+ Kd8 43.c6  1-0

[Event "ADCF Masters"]
[Site "Abu Dhabi UAE"]
[Date "2003.08.22"]
[Round "6"]
[White "Abdelnabbi,I"]
[Black "Lputian,S"]
[Result "0-1"]
[WhiteElo "2455"]
[BlackElo "2623"]

1.e4 e6 2.d4 d5 3.Nd2 Be7 4.Ngf3 Nf6 5.Bd3 c5 6.exd5 Nxd5 7.dxc5 Nd7 8.Nb3 Nxc5
9.Nxc5 Qa5+ 10.c3 Qxc5 11.O-O O-O 12.Qe2 Rd8 13.Ne5 g6 14.Re1 Qc7 15.Bh6 f6
16.Nf3 e5 17.Bc4 Bf8 18.Bxf8 Kxf8 19.Rad1 Be6 20.Bb3 Rd7 21.g3 Rad8 22.Nd2 Kg7
23.Ba4 Re7 24.Bb3 a6 25.Nf1 h5 26.Ne3 Nxe3 27.Rxd8 Qxd8 28.Bxe6 Rxe6 29.Qxe3 Rd6
30.Qe4 Qd7 31.Re2 Rd1+ 32.Kg2 Ra1 33.b3 Qd1 34.g4 hxg4 35.Qxg4 f5 36.Qb4 Qh1+  0-1

[Event "TCh-BIH"]
[Site "Neum BIH"]
[Date "2003.08.23"]
[Round "1"]
[White "Rogic,D"]
[Black "Meszaros,Gyu"]
[Result "1-0"]
[WhiteElo "2461"]
[BlackElo "2348"]

1.e4 e6 2.d4 d5 3.Nd2 Nc6 4.Ngf3 Nf6 5.e5 Nd7 6.Be2 f6 7.exf6 Qxf6 8.Nf1 Bd6
9.Ne3 b6 10.O-O Bb7 11.c4 Ne7 12.Qa4 c6 13.Bd2 O-O 14.Rae1 a5 15.Bd3 Bf4
16.Ng4 Qf7 17.Qc2 h6 18.cxd5 Bxd2 19.dxe6 Qh5 20.Qxd2 Qxg4 21.h3 Qh5 22.exd7 Nd5
23.Bc4 Ba6 24.Bxa6 Rxa6 25.Ne5 Raa8 26.Nxc6 Nf4 27.Qe3 Kh8 28.d8=Q Raxd8
29.Nxd8 Qd5 30.Qe4 Qxd8 31.Re3 Qg5 32.Rfe1 Rf6 33.Rg3 Qh4 34.d5  1-0

[Event "Open"]
[Site "Vienna AUT"]
[Date "2003.08.23"]
[Round "8"]
[White "Ranits,F"]
[Black "Riedner,M"]
[Result "0-1"]
[WhiteElo "2261"]
[BlackElo "2169"]

1.e4 e6 2.d4 d5 3.Nd2 a6 4.c3 c5 5.e5 Nc6 6.Ndf3 Qb6 7.Bd3 Bd7 8.Ne2 f6 9.O-O fxe5
10.Nxe5 Nxe5 11.dxe5 O-O-O 12.b4 Nh6 13.Rb1 c4 14.Bc2 Ng4 15.Bf4 Qc7 16.Qd4 Be7
17.f3 Nh6 18.Be3 g5 19.g3 Rdf8 20.a4 Nf5 21.Bxf5 Rxf5 22.f4 gxf4 23.Nxf4 Rhf8
24.b5 a5 25.Qa7 Rxe5 26.Bb6 Qb8 27.Qxa5 Bd6 28.Rf2 Ref5 29.Be3 h5 30.Rbf1 h4
31.Ba7 Qa8 32.Kg2 Bc5 33.b6 Bd6 34.Ng6 Rxf2+ 35.Rxf2 Rxf2+ 36.Kxf2 hxg3+
37.hxg3 Bc6 38.Ne5 Bxe5 39.Qc5 Kd7 40.Qe3 Qh8  0-1

[Event "Open"]
[Site "Vienna AUT"]
[Date "2003.08.24"]
[Round "9"]
[White "Groetz,H"]
[Black "Gasiunas,N"]
[Result "1/2-1/2"]
[WhiteElo "2336"]
[BlackElo "2198"]

1.e4 e6 2.d4 d5 3.Nd2 a6 4.Ngf3 c5 5.exd5 exd5 6.Be2 c4 7.O-O Bd6 8.b3 cxb3
9.axb3 Nc6 10.c4 Nf6 11.c5 Bb8 12.Bd3 O-O 13.Re1 Bg4 14.Bb2 Qc7 15.g3 Nb4
16.Bb1 Ba7 17.Bc3 a5 18.Bxb4 axb4 19.Qc2 g6 20.Ne5 b6 21.c6 b5 22.Ndf3 Bxf3
23.Nxf3 Ne4 24.Qe2 Nc3 25.Qe7 Bb6 26.Rxa8 Rxa8 27.Bd3 Qxe7 28.Rxe7 Rc8 29.Rb7 Rxc6
30.Ne5 Bxd4 31.Nxf7 Re6 32.Nh6+ Kh8 33.Nf7+ Kg8 34.Nh6+ Kh8 35.g4 Rf6 36.Rb8+ Kg7
37.g5 Rf8 38.Rb7+ Kh8 39.Nf7+ Kg8 40.Nh6+ Kh8 41.Kh1 Bxf2 42.Nf7+ Kg8 43.Nh6+ Kh8
44.Bxb5 Ne4 45.Nf7+ Kg8 46.Bc6 Rxf7 47.Bxd5 Nxg5 48.Rxb4 Kg7 49.Bxf7 Nxf7
50.Kg2 Be1 51.Rb7 Kf6 52.b4 Nd6 53.Rb8 Ke6 54.Kf3 Kd5 55.Ke2 Bc3 56.Kd3 Be5
57.h3 g5 58.Rg8 Nf7 59.b5 Bf4 60.Rg7 Ne5+ 61.Ke2 Kc5 62.Rxh7  1/2-1/2

[Event "II American Continental"]
[Site "Buenos Aires ARG"]
[Date "2003.08.25"]
[Round "7"]
[White "Ripari,M"]
[Black "Lida Garcia,F"]
[Result "1-0"]
[WhiteElo "2319"]
[BlackElo "2130"]

1.e4 e6 2.d4 d5 3.Nd2 a6 4.Bd3 c5 5.dxc5 Bxc5 6.Ngf3 Nc6 7.Qe2 Nb4 8.e5 Ne7
9.Nb3 Bb6 10.O-O Nxd3 11.cxd3 Bd7 12.a4 O-O 13.a5 Ba7 14.Be3 Nc6 15.Rfc1 Qe7
16.Bc5 Bxc5 17.Nxc5 Rfb8 18.d4 Nd8 19.h4 Bb5 20.Qd2 h6 21.h5 b6 22.axb6 Rxb6
23.Ra3 Rab8 24.Rac3 Nc6 25.b3 Nb4 26.Kh2 Be8 27.g4 Kh7 28.Rg1 g5 29.hxg6+ fxg6
30.g5 h5 31.Qf4 Bf7 32.Qf6 Re8 33.Ne1 Qxf6 34.gxf6 Rc8 35.Nf3 Rcc6 36.Ng5+ Kg8
37.Rcg3 Nc2 38.Nxf7 Kxf7 39.Rxg6 Rc8 40.Rg7+ Ke8 41.Re7+ Kd8 42.Nxe6+ Rxe6
43.Rxe6 Nxd4 44.Rd6+ Ke8 45.Rg7  1-0

[Event "Acropolis WGM"]
[Site "Athens GRE"]
[Date "2003.08.26"]
[Round "2"]
[White "Krivec,J"]
[Black "Kiseleva,N"]
[Result "0-1"]
[WhiteElo "2268"]
[BlackElo "2322"]

1.e4 e6 2.d4 d5 3.Nd2 a6 4.Ngf3 c5 5.dxc5 Bxc5 6.Bd3 Nf6 7.Qe2 Nc6 8.a3 O-O
9.e5 Nd7 10.Nb3 Be7 11.h4 f6 12.exf6 Nxf6 13.Bg5 e5 14.Nxe5 Bd6 15.Nxc6 bxc6
16.O-O-O h6 17.Be3 Qc7 18.Kb1 c5 19.c4 Rb8 20.Bc2 d4 21.Bd2 Ng4 22.f3 Ne5
23.f4 d3 24.Bxd3 Nxd3 25.Ba5 Qb7 26.Rxd3 Bf5 27.Ka2 Bxd3 28.Qxd3 Bxf4 29.Rb1 Be5
30.Re1 Bd4 31.Re2 Rf2 32.Nxd4 Rxe2 33.Qxe2 cxd4 34.b4 Qc6 35.c5 Qd5+ 36.Kb2 d3
37.Qd2 Qd4+ 38.Qc3 Qf2+ 39.Kc1 Qf1+ 40.Kd2 Qe2+ 41.Kc1 Rc8  0-1

[Event "Acropolis Open"]
[Site "Athens GRE"]
[Date "2003.08.26"]
[Round "2"]
[White "Rozentalis,E"]
[Black "Skaperdas,K"]
[Result "1-0"]
[WhiteElo "2586"]
[BlackElo "2275"]

1.e4 e6 2.d4 d5 3.Nd2 Be7 4.Ngf3 Nf6 5.e5 Nfd7 6.Bd3 c5 7.c3 Nc6 8.a3 a5
9.Qe2 cxd4 10.cxd4 Qb6 11.Qe3 f6 12.exf6 Nxf6 13.O-O O-O 14.h3 Ne8 15.b3 Nd6
16.Bb2 Nf5 17.Bxf5 Rxf5 18.Rfe1 Bd7 19.Qd3 Raf8 20.Re3 Bd6 21.Rae1 Nd8 22.a4 Be8
23.Bc3 Qc7 24.Nf1 R5f6 25.Bd2 b5 26.axb5 Bf4 27.R3e2 Qb6 28.Bxf4 Bxb5 29.Bc7 Qb7
30.Qc3 Bxe2 31.Rxe2 Nc6 32.Be5 Nxe5 33.Rxe5 Rb8 34.N1d2 Qa6 35.Qe3 h6 36.Nh2 Rb4
37.Ng4 Rg6 38.Nf3 Qb6 39.Qd3 Kf7 40.Re3  1-0

[Event "23rd Open"]
[Site "Bratto ITA"]
[Date "2003.08.26"]
[Round "6"]
[White "Shytaj,L"]
[Black "Del Rio Angelis,S"]
[Result "1/2-1/2"]
[WhiteElo "2336"]
[BlackElo "2479"]

1.e4 e6 2.d4 d5 3.Nd2 a6 4.Ngf3 c5 5.exd5 exd5 6.Be2 c4 7.O-O Bd6 8.Re1 Ne7
9.Nf1 Nbc6 10.b3 b5 11.c3 O-O 12.Ng3 Ng6 13.a4 Na5 14.Nd2 b4 15.Qc2 Rb8 16.bxc4 bxc3
17.Qxc3 Bb4 18.Qc2 dxc4 19.Ba3 Nb3 20.Nxb3 Bxe1 21.Bxc4 Bb4 22.Bb2 Re8 23.Nc5 a5
24.Nge4 Nf4 25.Rd1 Bf5 26.f3 Rb6 27.Bc1 Ne6 28.Be3 Nf8 29.Qa2 Bxc5 30.Bxf7+ Kh8
31.Bxe8 Bxe4 32.fxe4 Ne6 33.Qf2 Rd6 34.Rf1 Rxd4 35.Bb5 Rd2 36.Qg3 Rd1 37.Bxc5 Nxc5
38.Qe3 Rxf1+ 39.Kxf1 Qf6+ 40.Kg1 Nxa4 41.Bxa4 Qa1+ 42.Kf2 Qxa4 43.e5 Qc2+
44.Kf3 Qf5+ 45.Ke2 Qc2+ 46.Kf3 Kg8 47.Qd4 Qc6+ 48.Kf2 a4 49.e6 Qxe6 50.Qxa4  1/2-1/2

[Event "Open"]
[Site "Porto San Giorgo ITA"]
[Date "2003.08.27"]
[Round "7"]
[White "Ciuksyte,D"]
[Black "Farago,I"]
[Result "0-1"]
[WhiteElo "2375"]
[BlackElo "2465"]

1.e4 e6 2.d4 d5 3.Nd2 Be7 4.Bd3 c5 5.dxc5 Nf6 6.Qe2 Nc6 7.Ngf3 a5 8.a4 O-O
9.O-O Nb4 10.Nb3 b6 11.e5 Nd7 12.c6 Nxc6 13.Re1 Nc5 14.Nbd4 Nxd4 15.Nxd4 Nxd3
16.Qxd3 Bc5 17.c3 Bd7 18.Re3 f5 19.f4 b5 20.axb5 Qb6 21.Kh1 Rfb8 22.Re2 a4
23.Be3 Bxd4 24.Bxd4 Bxb5 25.Qe3 Qb7 26.Rf2 Qa6 27.Rd2 Be8 28.h3 Qc4 29.Bc5 Rc8
30.Bb6 a3 31.Rxa3 Rxa3 32.bxa3 Qxc3 33.Qxc3 Rxc3 34.Ra2 Rc4 35.g3 Bc6 36.Kh2 h5
37.Bf2 d4 38.g4 hxg4 39.hxg4 fxg4 40.Rd2 Rc3 41.Bxd4 Rh3+ 42.Kg1 g3 43.Rg2 Kf7
44.Kf1 Bxg2+ 45.Kxg2 Rh2+ 46.Kxg3 Rd2 47.Bc5 Kg6 48.Bf8 Rd8 49.Bd6 Kf5 50.Kf3 Rh8
51.Kg3 Rc8 52.Bb4 Rc4 53.Bd2 Rd4 54.Bc1 Rd1  0-1

[Event "Acropolis GM"]
[Site "Athens GRE"]
[Date "2003.08.29"]
[Round "5"]
[White "Parligras,M"]
[Black "Johannessen,LE"]
[Result "1/2-1/2"]
[WhiteElo "2525"]
[BlackElo "2525"]

1.e4 e6 2.d4 d5 3.Nd2 Be7 4.Bd3 c5 5.dxc5 Nf6 6.Qe2 Nc6 7.Ngf3 Nb4 8.O-O Nxd3
9.cxd3 Bxc5 10.Nb3 Be7 11.Bg5 h6 12.Bh4 Bd7 13.Rac1 dxe4 14.dxe4 Qb6 15.Rfd1 Ba4
16.Ne5 O-O 17.Ng4 Bxb3 18.axb3 Rfd8 19.Nxf6+ Bxf6 20.Bxf6 gxf6 21.Rc3 Rxd1+
22.Qxd1 Rd8 23.Qh5 Qd4 24.Rg3+ Kf8 25.Qxh6+ Ke7 26.h3 Qxe4  1/2-1/2

[Event "TCh-BIH"]
[Site "Neum BIH"]
[Date "2003.08.29"]
[Round "9"]
[White "Pasic,E"]
[Black "Meszaros,Gyu"]
[Result "1/2-1/2"]
[WhiteElo "2257"]
[BlackElo "2348"]

1.e4 e6 2.d4 d5 3.Nd2 Nc6 4.c3 e5 5.exd5 Qxd5 6.Ngf3 exd4 7.Bc4 Qf5 8.O-O Be6
9.Bxe6 fxe6 10.Nxd4 Nxd4 11.cxd4 O-O-O 12.Nc4 Nf6 13.Be3 Nd5 14.Rc1 Kb8 15.Qb3 Bd6
16.a4 Rhf8 17.a5 a6 18.Nxd6 Rxd6 19.Rc4 Nxe3 20.Qxe3 Qxa5 21.Rfc1 c6 22.h3 Qc7
23.Rc5 Qd7 24.Re5 Ka8 25.Re1 Rf6 26.Re4 h6 27.h4 Qf7 28.Re2 Qg6 29.g3 Qh5
30.Re5 Qg4 31.Re4 Qf5 32.Kg2 Qd5 33.Kg1 Kb8 34.Rc2 Kc7 35.Rc5 Qa2 36.b3 Kd7
37.Rce5 Qc2 38.Kg2 Qd1 39.Rc5 Rd5 40.Rxd5+ cxd5 41.Rf4 Qh5 42.Rxf6 gxf6 43.Qf4 Qg6
44.Qb8 Qe4+ 45.Kh2 Qxd4 46.Qxb7+ Ke8 47.Qc8+ Kf7 48.Qd7+ Kg6 49.Qe8+  1/2-1/2

[Event "Open"]
[Site "Porto San Giorgo ITA"]
[Date "2003.08.29"]
[Round "9"]
[White "Glek,I"]
[Black "Farago,I"]
[Result "1-0"]
[WhiteElo "2566"]
[BlackElo "2465"]

1.e4 e6 2.d4 d5 3.Nd2 Be7 4.e5 Nh6 5.Ndf3 Nf5 6.Bd3 c5 7.dxc5 Bxc5 8.Nh3 Nc6
9.O-O Nh4 10.Re1 Nxf3+ 11.Qxf3 Bd7 12.c3 Be7 13.Qg3 g6 14.Bh6 Bf8 15.Bxf8 Kxf8
16.Re3 Ne7 17.Rf3 Nf5 18.Qf4 h5 19.Bxf5 exf5 20.Qb4+ Kg7 21.Qxb7 Rb8 22.Qxd5 Rb5
23.Qd2 Bc6 24.Rd3 Qb8 25.b3 Rxe5 26.Rd6 Qb6 27.Nf4 Rhe8 28.h4 Re4 29.Nxh5+ gxh5
30.Qh6+ Kg8 31.Qg5+ Kf8 32.Rh6 Re1+ 33.Kh2  1-0